000 00330nam a22001337a 4500
008 180129b xxu||||| |||| 00| 0 eng d
020 _a9780761930310
041 _aeng
080 _a82
100 _a21
101 _aGJL
245 _aEducational foundations an anthology of critical readings
_cCanestrari,A.S
942 _2udc
_cBK
999 _c41181
_d41181